[Event "Ille et Vilaine-ch 1112"]
[Site "Ile et Vilaine"]
[Date "2011.12.03"]
[Round "3.23"]
[White "Daugan, Rene"]
[Black "Danet, Claude"]
[Result "1-0"]
[WhiteElo "1499"]
[BlackElo "1640"]
[PlyCount "78"]
[EventDate "2012.10.??"]
[EventType "swiss"]
[EventRounds "7"]
[EventCountry "FRA"]
[SourceTitle "EXT 2014"]
[Source "ChessBase"]
[SourceDate "2013.11.20"]
[SourceVersion "1"]
[SourceVersionDate "2013.11.20"]
[SourceQuality "1"]

1. e4 c5 2. Bc4 Nc6 3. Nf3 d6 4. Nc3 g6 5. a3 Bg7 6. 0-0 Nf6 7. d3 0-0 8. Bd2 Nd7 9. Qc1 Re8 10. Nd5 Nde5 11. Nxe5 Bxe5 12. Bf4 Nd4 13. Re1 Bg7 14. c3 Nc6 15. Bg3 a6 16. Ba2 b5 17. Bh4 Ra7 18. Qf4 Be6 19. Qd2 Bf8 20. f4 Kh8 21. Rf1 Bh6 22. Qf2 Bg7 23. Kh1 Rf8 24. f5 Bxd5 25. Bxd5 Ne5 26. Qg3 Nd7 27. fxg6 fxg6 28. Rxf8+ Qxf8 29. Kg1 Nf6 30. Rf1 Qb8 31. Bxf6 Bxf6 32. Qh3 Rc7 33. Qe6 Qd8 34. Rf3 a5 35. Qf7 Rc8 36. Rh3 Bg7 37. Qxg6 Bh6 38. Rxh6 Qg8 39. Bxg8 Rxg8 1-0

[Event "Ille et Vilaine-ch 1112"]
[Site "Ile et Vilaine"]
[Date "2011.10.08"]
[Round "1.15"]
[White "Daugan, Rene"]
[Black "Chevrel, Raymond"]
[Result "0-1"]
[WhiteElo "1499"]
[BlackElo "1470"]
[PlyCount "117"]
[EventDate "2012.10.??"]
[EventType "swiss"]
[EventRounds "7"]
[EventCountry "FRA"]
[SourceTitle "EXT 2014"]
[Source "ChessBase"]
[SourceDate "2013.11.20"]
[SourceVersion "1"]
[SourceVersionDate "2013.11.20"]
[SourceQuality "1"]

1. e4 c6 2. d4 d5 3. Nc3 dxe4 4. Nxe4 Nd7 5. Nf3 Ngf6 6. Nc3 e6 7. Be2 Bd6 8. 0-0 h6 9. Bd3 0-0 10. Re1 b6 11. Ne5 Bb7 12. Ng4 Nxg4 13. Qxg4 Qf6 14. Rd1 Be7 15. Ne2 c5 16. Nf4 Qh4 17. Qxh4 Bxh4 18. dxc5 Nxc5 19. Be3 Nxd3 20. Rxd3 Rfd8 21. Rad1 Rxd3 22. Rxd3 Rd8 23. Rxd8+ Bxd8 24. g3 Bf6 25. b3 Be4 26. Nd3 Kf8 27. Kf1 Bf3 28. Ke1 Bc3+ 29. Bd2 Bxd2+ 30. Kxd2 Ke7 31. Ne5 Bg2 32. Ke3 Kd6 33. Kd4 f6 34. Nc4+ Kc6 35. a4 e5+ 36. Ke3 Kc5 37. c3 Bd5 38. Nd2 f5 39. b4+ Kd6 40. f4 e4 41. Kd4 g5 42. c4 Bc6 43. b5 Bb7 44. fxg5 hxg5 45. Nf1 f4 46. gxf4 gxf4 47. h4 e3 48. Nxe3 fxe3 49. Kxe3 Ke5 50. h5 Bc8 51. h6 Bf5 52. Kd2 Kd4 53. c5 Kxc5 54. Kc3 Bh7 55. Kb3 Kd4 56. Kb4 Kd3 57. a5 Kd4 58. a6 Kd5 59. Ka4 0-1